Vinárstvo Pezinok

Salvato in:
Dettagli Bibliografici
Autore principale: Jasiková, Simona (Autore)
Altri autori: Pifko, Henrich (Relatore della tesi)
Natura: Manoscritto Libro
Lingua:slovacco
Pubblicazione: 2025
Soggetti:
Accesso online:http://is.stuba.sk/zp/portal_zp.pl?podrobnosti=185379
Tags: Aggiungi Tag
Nessun Tag, puoi essere il primo ad aggiungerne!!

MARC

LEADER 00000ntm a22000003a 4500
001 stuzp104560
003 SK-STU
005 20250607210614.3
007 ta
008 150427s2015----xo-----f-mn---000-0-slo-d
040 |a STU  |b slo 
041 0 |a slo 
100 1 |a Jasiková, Simona  |u 052120  |4 aut  |U FAD Fakulta architektúry a dizajnu  |T FAD Ústav ekologickej a experimentálnej architektúry  |X 103754  |U A2120  |Y 393  |7 103754 
242 0 1 |a Winery Pezinok  |y eng 
245 1 0 |a Vinárstvo Pezinok 
260 |c 2025 
650 4 |a wine tourism  |2 eng 
650 4 |a wine production technology  |2 eng 
650 4 |a oenology  |2 eng 
650 4 |a viticulture  |2 eng 
650 4 |a vinársky turizmus  |2 slo 
650 4 |a technológia výroby vína  |2 slo 
650 4 |a enológia  |2 slo 
650 4 |a vinohradníctvo  |2 slo 
700 1 |a Pifko, Henrich  |u 052120  |k Z1  |4 ths  |U FAD Fakulta architektúry a dizajnu  |T FAD Ústav ekologickej a experimentálnej architektúry  |X 449  |U A2120  |Y 393  |7 A000000449 
856 4 |u http://is.stuba.sk/zp/portal_zp.pl?podrobnosti=185379